000 01296cam a2200325 a 4500
001 2578320
003 OSt
005 20211026145156.0
008 960212s1996 nyua b 001 0 eng
010 _a 96010241
020 _a0471594318 (hc : alk. paper)
038 _aKhadija
040 _aDLC
_cDLC
_dDLC
050 0 0 _aTK5102.9
_b.H39 1996
082 0 0 _a621.3822
_220
_bHAY
100 1 _aHayes, M. H.
_q(Monson H.),
_d1949-
_983382
245 1 0 _aStatistical digital signal processing and modeling /
_cMonson H. Hayes.
260 _aNew York :
_bJohn Wiley & Sons,
_cc1996.
300 _axv, 608 p. :
_bill. ;
_c26 cm.
504 _aIncludes bibliographical references and index.
563 _aPB
650 0 _aSignal processing
_xDigital techniques.
_955548
650 0 _aSignal processing
_xStatistical methods.
_983383
650 0 _aSignal processing
_xMathematical models.
_982872
856 4 2 _3Publisher description
_uhttp://www.loc.gov/catdir/description/wiley032/96010241.html
856 4 _3Table of Contents
_uhttp://www.loc.gov/catdir/toc/onix03/96010241.html
906 _a7
_bcbc
_corignew
_d1
_eocip
_f19
_gy-gencatlg
942 _2ddc
_cBK
999 _c32372
_d32372